000 00607nam a22002057a 4500
999 _c1339
_d1339
003 OSt
005 20210521085107.0
008 150408b xxu||||| |||| 00| 0 eng d
020 _a3131026413
040 _c040a
082 _aWI 900 K87a 1996
100 _aKrestin, Gabriel P.; Choyke, Peter L.
_93555
245 _aAcute Abdomen :
_bdiagnostic imaging in the clinical context
260 _aNew York;
_bThiema medical publishers,
_c1996
300 _axv, 48p:
_bcol. ill ;
_c8 cm
504 _aincludes references
650 _aAbdomen
_93556
650 _aDiagnostic imaging
_914284
942 _2ddc
_cSLOAN